Teen Wolf Characters Quiz - Statistics

General Stats
  • This quiz has been taken 97 times
    89 since last reset
  • The average score is 36 of 123
Answer Stats
Answers % Correct
Scott McCall
94%
Lydia Martin
93%
Stiles Stilinski
93%
Allison Argent
91%
Chris Argent
87%
Derek Hale
85%
Peter Hale
84%
Kate Argent
82%
Melissa McCall
82%
Malia Tate
81%
Gerard Argent
73%
Liam Dunbar
72%
Cora Hale
70%
Aiden
66%
Ethan
66%
Victoria Argent
66%
Isaac Lahey
63%
Jackson Whittemore
63%
Laura Hale
63%
Deucalion
61%
Alan Deaton
58%
Claudia Stilinski
58%
Kira Yukimura
58%
Theo Raeken
58%
Vermon Boyd
58%
Jordan Parrish
57%
Kali
55%
Sheriff' Stilinski
55%
Talia Hale
52%
Rafael McCall
49%
Erica Reyes
46%
Natalie Martin
46%
Elias Stilinski
45%
Mason Hewitt
45%
Coach Bobby Finstock
42%
Braeden
40%
Ennis
39%
Hayden Romero
39%
Jennifer Blake
39%
Noshiko Yukimura
39%
Brett Talbot
36%
Ken Yukimura
36%
Alexander Argent
34%
Henri Argent
33%
Marin Morrel
33%
Adrian Harris
31%
Lorraine Martin
31%
Meredith Walker
30%
Tracy Stewart
28%
Camden Lahey
27%
Garrett
27%
Mr. Lahey
27%
Mr. Martin
27%
Corey Bryant
25%
Gabe
25%
Lori Talbot
25%
Tara Raeken
25%
David Whittemore
21%
Violet
21%
Araya Calavera
19%
Danny Mahealani
19%
Alec
18%
Nolan Holloway
18%
Satomi Ito
18%
Brunski
16%
Corinne/Desert Wolf
16%
Garrett Douglas
16%
Greenberg
16%
Josh Diaz
16%
Marie-Jeanne Valet
16%
Nogitsune
16%
Severo Calavera
15%
Aaron
13%
Mr Stewart
13%
Sebastien Valet
13%
Alex
12%
Mrs. Finch
12%
The Oni
12%
Katashi/Silverfinger
10%
Paige Krasikeva
10%
Donnovan Donati
9%
Dr. Conrad Fenris
9%
Halwyn
9%
Mr. Tate
9%
Sydney
9%
Dr. Gabriel Valack
7%
Gwen
7%
Nathan
7%
Noah Patrick
7%
The Mute
7%
Caitlin
6%
Deputy Haigh
6%
Heather
6%
Jared
6%
Schrader
6%
Tamara Monroe
6%
The Anuk-ite
6%
Caleb
4%
Danielle
4%
David Geyer
4%
The Geneticist
4%
The Ghostriders
4%
The Pathologist
4%
The Surgeon
4%
Tierney
4%
Colette
3%
Deputy DeWitte
3%
Deputy Strauss
3%
Garrison Myers
3%
Matt Deahler
3%
Nurse Cross
3%
Sean Walcott
3%
Deputy Tara Graeme
1%
Dr. Vandenburg
1%
The Marauder
1%
The Outlaw
1%
The Ranger
1%
Unger
1%
Valerie Clarke
1%
Deputy Vergaas
0%
The Enforcer
0%
Ulrich
0%
William Barrows
0%
No matching quizzes found
Score Distribution
Percent of People with Each Score
Percentile by Number Answered
Your Score History
You have not taken this quiz since the last reset